| 000 | 01078nam a2200229Ia 4500 | ||
|---|---|---|---|
| 001 | 10475 | ||
| 003 | GE_BSU | ||
| 008 | 181216s||||||||xx |||||||||||||| ||und|| | ||
| 020 | _a9789992895269 | ||
| 040 | _cGE_BSU | ||
| 080 | _a821.353.1–31 | ||
| 245 | _aქართული პროზა. წ.24.მიხეილ ჯავახიშვილი:არსენა მარაბდელი | ||
| 245 | _bრომანი | ||
| 245 | _cსარედ.კოლ.რ.თვარაძე და სხვ.შემდგ.რედ.ჯ.ღვინჯილია.ვ.ჯავახაძე.რედ.რედ.ნუკრი აბესაძე.მხატვ.დავით დუნდუა. თ. შარიფაშვილი | ||
| 260 | _aთბილისი | ||
| 260 | _bსაქართველო | ||
| 260 | _c1996 | ||
| 300 | _a648გვ.20სმ. | ||
| 653 | _aმიხეილ ჯავახიშვილი:არსენა მარაბდელი | ||
| 653 | _aქართული პროზა | ||
| 942 | _cBK | ||
| 999 |
_c43731 _d43731 |
||